| 000 | 00490nam a2200169Ia 4500 | ||
|---|---|---|---|
| 999 |
_c36769 _d36769 |
||
| 003 | OSt | ||
| 005 | 20201216124852.0 | ||
| 008 | 190216s9999||||xx |||||||||||||| ||und|| | ||
| 040 | _coclc | ||
| 082 |
_a613 _bKAN/O |
||
| 100 |
_aKandel, Joseph _97593 |
||
| 245 | 0 |
_aOvercoming Migraines And Other Headaches / _cJoseph Kandel |
|
| 260 |
_bOrient Paper Books, _aNew Delhi: _c1998. |
||
| 300 | _a215p | ||
| 650 | _aEnglish | ||
| 942 |
_cREF _2ddc _h613 _iKAN/O _k613 _mKAN/O |
||